000 00408nam a2200169Ia 4500
005 20140426101754.0
008 140130s9999 xx 000 0 und d
050 _aPZ 7
_b.Ev93 1969
245 _cBernard Evslin
_aAdventures Of Ulysses, The
260 _bScholastic,
_c1969
300 _a179 p. :
_c20 cm.
440 _v1
_931174
521 _aG7
526 _c860
942 _cBK
_2lcc
999 _c41228
_d41228